Statistics for Clueless Trivia

Click here to take the quiz!

General Stats

  • This quiz has been taken 362 times
  • The average score is 6 of 15

Answer Stats

HintAnswer% Correct
What game did the gang play at the party in the valley?Suck and blow
79%
Which character gave a thank you speech regarding his multiple tardies?Travis
73%
Cher's mother died during what operation?Liposuction
70%
What color shirt does share frantically look for before her driving test?white
67%
Cher says she wants to be 5'10" like which supermodel?Cindy Crawford
56%
What artist's work does Cher compare Amber's looks to?Monet
54%
Who does Josh say he is going to get to plant a celebrity tree?Marky Mark
47%
What cartoon character do Tai and Travis bond over?Marvin the Martian
44%
Where is Cher's housekeeper from?El Salvador
42%
Who does Dionne say Cher is saving herself for?Luke Perry
37%
What is Cher's Father's profession?Litigator
27%
When cher is held up at gunpoint, what designer does she say she is wearing?Alaia
19%
In the opening scene of the film, what commercial does Cher think it may look like?Noxema
17%
While in line for P.E. tennis, Cher says she doubt she has worked of the calories in what?a stick of carefree gum
8%
Which two characters got married at the end of the movie?Ms. Geist and Mr. Hall
6%

Score Distribution

Percentile by Number Answered

Percent of People with Each Score

Your Score History

You have not taken this quiz